书目信息 |
| 题名: |
香草校书
|
|
| 作者: | 于鬯 著 | |
| 分册: | ||
| 出版信息: | 北京 中华书局 1984 |
|
| 页数: | 3册 | |
| 开本: | 21cm | |
| 丛书名: | 清代学术笔高丛刊 | |
| 单 册: | ||
| 中图分类: | Z126.25 | |
| 科图分类: | ||
| 主题词: | 经籍--校勘 , 经籍--音义 | |
| 电子资源: | ||
| ISBN: | ||
| 000 | 00686nam2 2200265 45 | |
| 001 | 0184007155 | |
| 005 | 20050510084123.8 | |
| 010 | @dCNY4.35 | |
| 091 | @aCN@b2018.183 | |
| 100 | @a19950407d1984 em y0chiy0121 ea | |
| 101 | 0 | @achi |
| 102 | @aCN@b110000 | |
| 105 | @ay z 000yy | |
| 200 | 10 | @a香草校书@Axiang cao jiao shu@f于鬯著@FYu Chang Zhu |
| 210 | @a北京@c中华书局@d1984 | |
| 215 | @a3册@d21cm | |
| 225 | 2 | @a清代学术笔高丛刊 |
| 410 | 0 | @120010@a清代学术笔高丛刊 |
| 606 | @a经籍@x校勘 | |
| 606 | 0 | @a经籍@x音义 |
| 690 | @aZ126.25@v3 | |
| 701 | 0 | @a于鬯@4著 |
| 801 | 0 | @aCN@b上海图书馆@c20050428 |
| 801 | 2 | @aCN@bNLC@c20050428 |
| 905 | @f1@b136494@dZ126.25@e17:3 | |
| 香草校书/于鬯著.-北京:中华书局,1984 |
| 3册;21cm.-(清代学术笔高丛刊) |
| ISBN :CNY4.35 |
| ● |
| 相关链接 |
|
|
|
|
正题名:香草校书
索取号:Z126.25/17:3
 
预约/预借
| 序号 | 登录号 | 条形码 | 馆藏地/架位号 | 状态 | 备注 |
| 1 | 0136494 | 002023385 | 第三借阅区/ [索取号:Z126.25/17:3] | 在馆 | |
| 2 | 0136495 | 202125903 | 第二样本阅览室/ [索取号:Z126.25/17:3] | 在馆 |